000 00762nam a2200205 i 4500
001 26376
003 ES-MaACL
005 20230906153431.0
007 t|
008 030109s1890 sp ||||1| spa d
100 1 _aArtigas y Teixidor, Primitivo.
_923476
245 1 0 _aSelvicultura
_b: o Cría y cultivo de los montes /
_cPrimitivo Artigas y Teixidor.
260 _aMadrid :
_b[s.n.,
_c1890] (
_fImp. de Moreno y Rojas)
300 _aXII, 374 p. ;
_c25 cm.
530 _aDisponible también en sitio web.
650 0 4 _aSilvicultura.
_917101
740 0 _aCría y cultivo de los montes.
852 _aES-MaACL
_jG-12467
856 _uhttp://bibliotecadigitalhispanica.bne.es:80/webclient/DeliveryManager?pid=1855748&custom_att_2=simple_viewer
_zIr a la página
999 _c26376
_d26376